000 01564nam a2200337 i 4500
001 123020
003 ES-MaACL
005 20251217113156.0
007 t|
008 070214s1927 sp |||| | spa d
080 _a929 Bonilla y San Martín, Adolfo
080 _a012 Bonilla y San Martín, Adolfo
100 1 _aPuyol y Alonso, Julio,
_d1865-1937
_994454
245 1 0 _aAdolfo Bonilla y San Martín (1875-1926) :
_bsu vida y sus obras /
_cJulio Puyol.
260 _aMadrid :
_b[s.n.],
_c1927 (
_fTip. de la "Revista de Archivos")
300 _a274 p. :
_b1 retr. ;
_c21 cm.
505 8 _aContiene: Biografía . La obra de Bonilla . Bibliografía: Catálogo cronológico... Índice por materias...
530 _aDisponible en formato digital.
594 _aPrecede al tít.: Real Academia de Ciencias Morales y Políticas.
599 _aRetr. de Adolfo Bonilla y San Martín: "Foto. Padró. Fototipia Hauser y Menet"
600 1 4 _aBonilla y San Martín, Adolfo,
_d1875-1926
_930193
600 1 4 _aBonilla y San Martín, Adolfo,
_d1875-1926-
_vBibliografías
_9173154
700 1 _aPadró, José.
_9173155
710 2 _aReal Academia de Ciencias Morales y Políticas (España)
_9222050
710 2 _aHauser y Menet (Madrid)
_94558
852 _aES-MaACL
_jF-3251
_cDEPO2
856 4 _uhttp://bdh-rd.bne.es/viewer.vm?id=0000227310&page=1
_y(Biblioteca Digital Hispánica)
856 4 _uhttps://bibliotecadigital.jcyl.es/es/consulta/registro.do?id=4929
_y(Biblioteca Digital de Castilla y León)
942 _2udc
999 _c123020
_d123020